The work of the worship committee / (Record no. 5859)

MARC details
000 -LEADER
fixed length control field 00605pam a2200229 a 4500
001 - CONTROL NUMBER
control field 39223663
003 - CONTROL NUMBER IDENTIFIER
control field OCoLC
005 - DATE AND TIME OF LATEST TRANSACTION
control field 20190110130045.0
008 - FIXED-LENGTH DATA ELEMENTS--GENERAL INFORMATION
fixed length control field 980527s1998 pau 000 0 eng
010 ## - LIBRARY OF CONGRESS CONTROL NUMBER
LC control number 98025913
020 ## - INTERNATIONAL STANDARD BOOK NUMBER
International Standard Book Number 081701294X (pbk. : alk. paper)
040 ## - CATALOGING SOURCE
Original cataloging agency DLC
Transcribing agency DLC
Modifying agency ATH
050 00 - LIBRARY OF CONGRESS CALL NUMBER
Classification number BV10.2
Item number .B64 1998
082 ## - DEWEY DECIMAL CLASSIFICATION NUMBER
Classification number 264
Item number B716W
100 1# - MAIN ENTRY--PERSONAL NAME
Personal name Bonn, Linda.
245 14 - TITLE STATEMENT
Title The work of the worship committee /
Statement of responsibility, etc. Linda Bonn.
260 ## - PUBLICATION, DISTRIBUTION, ETC.
Place of publication, distribution, etc. Valley Forge :
Name of publisher, distributor, etc. Judson Press,
Date of publication, distribution, etc. c1998.
300 ## - PHYSICAL DESCRIPTION
Extent xv, 70 p. ;
Dimensions 18 cm.
650 #0 - SUBJECT ADDED ENTRY--TOPICAL TERM
Topical term or geographic name entry element Worship.
650 #0 - SUBJECT ADDED ENTRY--TOPICAL TERM
Topical term or geographic name entry element Church committees.
942 ## - ADDED ENTRY ELEMENTS (KOHA)
Source of classification or shelving scheme Dewey Decimal Classification
Koha item type Books
Holdings
Withdrawn status Lost status Source of classification or shelving scheme Damaged status Not for loan Collection code Home library Current library Shelving location Date acquired Cost, normal purchase price Total Checkouts Full call number Barcode Date last seen Price effective from Koha item type
    Dewey Decimal Classification     Non-fiction Harvest Mission College Harvest Mission College General Stacks 10.01.2019 350.00   264 B716W 006584 10.01.2019 10.01.2019 Books

OPAC Designed and Maintained by HMC Library Team.
Copyright © HMC Library,Greater Noida, UP.
For any Suggestions/Query Contact library via Email:libhmc@gmail.com